[Event "Junior Online 4NCL Division 5"]
[Site "online"]
[Date "2020.04.23"]
[Round "2.105"]
[White "Kulkarni, Arnav"]
[Black "Sharan, Kartike"]
[Result "0-1"]
[WhiteElo "1070"]
[BlackElo "1140"]
[PlyCount "38"]
[EventDate "2020.04.23"]
[WhiteTeam "St John's College C"]
[BlackTeam "Phones Junior A"]

1. e4 e5 2. Nf3 Nc6 3. Bc4 Bc5 4. d3 Nf6 5. Ng5 O-O 6. O-O d6 7. Nc3 h6 8. Nf3
Bg4 9. h3 Bh5 10. Re1 Nd4 11. Be3 Nxf3+ 12. gxf3 Bxe3 13. fxe3 Qd7 14. Kh2 Nh7
15. Nd5 Ng5 16. Qd2 Qxh3+ 17. Kg1 Nxf3+ 18. Kf2 Qh2+ 19. Kf1 Nxd2# 0-1

[Event "Junior Online 4NCL Division 5"]
[Site "online"]
[Date "2020.04.23"]
[Round "2.106"]
[White "Vadalia, Jainill"]
[Black "Baranidharan, Kritthik"]
[Result "1-0"]
[WhiteElo "1123"]
[BlackElo "1040"]
[PlyCount "113"]
[EventDate "2020.04.23"]
[WhiteTeam "Phones Junior A"]
[BlackTeam "St John's College C"]

1. d4 d5 2. c4 Nf6 3. cxd5 Nxd5 4. e4 Nf6 5. e5 Nd5 6. Bc4 Be6 7. Nf3 Nc6 8.
O-O Qd7 9. Bd2 O-O-O 10. Nc3 Nxc3 11. Bxe6 Nxd1 12. Bxd7+ Rxd7 13. Rfxd1 e6 14.
Bc3 Bb4 15. a3 Bxc3 16. bxc3 Re8 17. Rab1 b6 18. a4 Na5 19. Rb4 Kb7 20. Rdb1 f6
21. c4 Nc6 22. Rb5 Nxd4 23. Nxd4 Rxd4 24. exf6 gxf6 25. Rc1 Red8 26. g3 a6 27.
Rh5 R8d7 28. Kg2 f5 29. Rh6 Re7 30. Kf3 b5 31. axb5 axb5 32. cxb5 Rb4 33. Re1
Rb3+ 34. Kf4 e5+ 35. Kxf5 Rxb5 36. Kf6 Rd7 37. Kf5 Rf7+ 38. Rf6 Rxf6+ 39. Kxf6
Rd5 40. Rxe5 Rxe5 41. Kxe5 c5 42. Kd5 Kb6 43. Kc4 Kc6 44. f4 Kd6 45. h3 Ke6 46.
Kxc5 Kf5 47. Kd4 Kg6 48. Ke5 Kh5 49. f5 Kg5 50. Ke6 h5 51. f6 Kg6 52. Ke7 Kh7
53. f7 Kg7 54. f8=Q+ Kg6 55. Qf6+ Kh7 56. Qg5 Kh8 57. Kf7 1-0

[Event "Junior Online 4NCL Division 5"]
[Site "online"]
[Date "2020.04.23"]
[Round "2.107"]
[White "Omidvar, Dominic"]
[Black "Lukhi, Neev"]
[Result "0-1"]
[WhiteElo "974"]
[BlackElo "969"]
[PlyCount "48"]
[EventDate "2020.04.23"]
[WhiteTeam "St John's College C"]
[BlackTeam "Phones Junior A"]

1. e4 b6 2. Nf3 Bb7 3. Nc3 e6 4. d4 Bb4 5. Bd2 Nf6 6. Bg5 h6 7. Bxf6 Qxf6 8. e5
Qe7 9. Qd2 Nc6 10. Bb5 a6 11. Bxc6 Bxc6 12. Qe3 O-O 13. O-O d6 14. exd6 Bxd6
15. Ne5 Bxe5 16. Qxe5 Rfe8 17. d5 exd5 18. Qxe7 Rxe7 19. Rfe1 Rae8 20. Rxe7
Rxe7 21. Rd1 d4 22. Nb1 Re2 23. Na3 Be4 24. Rxd4 Re1# 0-1

[Event "Junior Online 4NCL Division 5"]
[Site "online"]
[Date "2020.04.23"]
[Round "2.111"]
[White "Conway, Tom"]
[Black "Shahameeran, Ashika"]
[Result "1-0"]
[WhiteElo "747"]
[BlackElo "1319"]
[PlyCount "76"]
[EventDate "2020.04.23"]
[WhiteTeam "Gonzaga College SJ D"]
[BlackTeam "St John's College B"]

1. d4 d5 2. Bf4 Nc6 3. Nc3 Nf6 4. Nb5 e5 5. Bxe5 Nxe5 6. dxe5 c6 7. exf6 cxb5
8. e3 Qxf6 9. Bxb5+ Bd7 10. Bxd7+ Kxd7 11. Qxd5+ Kc8 12. O-O-O Be7 13. Nf3 Rd8
14. Qc4+ Kb8 15. Rxd8+ Bxd8 16. Rd1 a6 17. Qc5 Be7 18. Qe5+ Qxe5 19. Nxe5 f6
20. Ng4 h5 21. Rd7 hxg4 22. Rxe7 g5 23. Rf7 Ka7 24. Rxf6 Rh8 25. Rg6 Rxh2 26.
Rxg5 Rxg2 27. e4 Rg1+ 28. Kd2 Rg2 29. Ke3 Rh2 30. Rxg4 Rh3+ 31. Rg3 Rh7 32. e5
Re7 33. Ke4 Kb6 34. Rg6+ Kc5 35. f4 Re8 36. e6 Kd6 37. f5 Re7 38. c4 Rd7 1-0

[Event "Junior Online 4NCL Division 5"]
[Site "online"]
[Date "2020.04.23"]
[Round "2.112"]
[White "Lee, Krishna"]
[Black "Carton, John"]
[Result "1/2-1/2"]
[WhiteElo "1148"]
[BlackElo "716"]
[PlyCount "106"]
[EventDate "2020.04.23"]
[WhiteTeam "St John's College B"]
[BlackTeam "Gonzaga College SJ D"]

1. e4 e5 2. Nf3 Nc6 3. Bb5 Bc5 4. O-O Nf6 5. Re1 O-O 6. Nc3 d6 7. d3 h6 8. h3
Bb4 9. a3 Bxc3 10. bxc3 a6 11. Ba4 b5 12. Bb3 Re8 13. Bd5 Nxd5 14. exd5 Ne7 15.
d4 exd4 16. Qxd4 Bb7 17. a4 Nxd5 18. Rxe8+ Qxe8 19. axb5 axb5 20. Rxa8 Qxa8 21.
Nd2 Qa1 22. Nb3 Qxc3 23. Qa7 Qxc2 24. Qb8+ Kh7 25. Qxb7 Qxb3 26. Bd2 Nf6 27.
Ba5 c5 28. Bd8 Qd1+ 29. Kh2 b4 30. Qxf7 Qd4 31. Kg1 b3 32. Bxf6 Qxf6 33. Qxb3
Qe5 34. g3 d5 35. Qc2+ Qe4 36. Qxc5 Qe1+ 37. Kg2 Qe4+ 38. Kf1 Qb1+ 39. Kg2 Qe4+
40. Kh2 d4 41. Qc4 Kg6 42. f3 Qe3 43. Qc5 Qe2+ 44. Kg1 d3 45. Qd6+ Kh7 46. Qf4
Qe1+ 47. Kg2 Qe2+ 48. Kg1 d2 49. Qf5+ Kg8 50. Qc8+ Kh7 51. Qf5+ Kg8 52. Qc8+
Kf7 53. Qf5+ Kg8 1/2-1/2

[Event "Junior Online 4NCL Division 5"]
[Site "online"]
[Date "2020.04.23"]
[Round "2.113"]
[White "Enkhbaatar, Temuulen"]
[Black "Sequeira, Robert"]
[Result "0-1"]
[WhiteElo "634"]
[BlackElo "1074"]
[PlyCount "158"]
[EventDate "2020.04.23"]
[WhiteTeam "Gonzaga College SJ D"]
[BlackTeam "St John's College B"]

1. e4 e5 2. Nf3 Nc6 3. Bc4 h6 4. d3 Nf6 5. Nc3 d6 6. Be3 Be7 7. h3 O-O 8. O-O
Bd7 9. a3 a6 10. Qe2 Bc8 11. d4 exd4 12. Nxd4 Nxd4 13. Bxd4 c5 14. Be3 b6 15.
Qf3 Bb7 16. Qg3 Nh5 17. Qg4 Nf6 18. Qg3 g5 19. Bd3 Qc7 20. Bxg5 hxg5 21. Qxg5+
Kh8 22. Qh6+ Kg8 23. Rae1 Qd7 24. Re3 Nh7 25. Rg3+ Ng5 26. h4 Qe6 27. Qxe6 fxe6
28. hxg5 e5 29. Be2 Rf7 30. Bg4 Rg7 31. Be6+ Kf8 32. Rf3+ Ke8 33. Rg3 Rxg5 34.
Rxg5 Bxg5 35. Rd1 Ke7 36. Bg4 Rf8 37. f3 Be3+ 38. Kf1 Bd4 39. Ne2 Rh8 40. Bh3
Bc8 41. c3 Bxh3 42. gxh3 Be3 43. Rd3 Bf4 44. Ng1 Ke6 45. Kf2 b5 46. b4 c4 47.
Rd1 Rc8 48. Ne2 Bg5 49. Rg1 Bf6 50. Rg6 Kf7 51. Rg4 Rh8 52. Kg3 Re8 53. h4 Rh8
54. f4 Ke7 55. fxe5 Bxe5+ 56. Kh3 Ke6 57. Rg5 Bf6 58. Rg6 Kf7 59. Rg4 Ke6 60.
Nf4+ Kf7 61. h5 Be5 62. Kh4 Bf6+ 63. Kh3 Be5 64. Kh4 Bxc3 65. Rg6 Bg7 66. Kg5
Be5 67. Nd5 c3 68. h6 c2 69. h7 c1=Q+ 70. Kh5 Rxh7+ 71. Rh6 Qh1+ 72. Kg5 Qxh6+
73. Kg4 Qf4+ 74. Nxf4 Bxf4 75. Kxf4 Ke6 76. Ke3 Ke5 77. Kd3 Rh3+ 78. Ke2 Kxe4
79. Kf2 d5 0-1

[Event "Junior Online 4NCL Division 5"]
[Site "online"]
[Date "2020.04.23"]
[Round "2.114"]
[White "Doddi, Sammy"]
[Black "Whelan, Cory"]
[Result "0-1"]
[WhiteElo "1070"]
[BlackElo "641"]
[PlyCount "106"]
[EventDate "2020.04.23"]
[WhiteTeam "St John's College B"]
[BlackTeam "Gonzaga College SJ D"]

1. d4 d5 2. Nf3 Nc6 3. Bf4 Nf6 4. Nc3 Bf5 5. h3 e6 6. a3 Ne4 7. Nxe4 dxe4 8.
Nd2 Nxd4 9. e3 Nc6 10. Bb5 Bc5 11. Qe2 O-O 12. O-O-O e5 13. Bh2 Qe7 14. g4 Be6
15. Nxe4 a6 16. Bxc6 bxc6 17. Bxe5 Bd5 18. f3 Qxe5 19. Qh2 Qxh2 20. Rxh2 Bxe3+
21. Kb1 Rad8 22. Nc3 Bf4 23. Rf2 Rfe8 24. Nxd5 cxd5 25. Rd4 Be3 26. Rdd2 Bxf2
27. Rxf2 g6 28. Rd2 c5 29. b4 cxb4 30. axb4 Rb8 31. c3 Re3 32. Rxd5 Rxc3 33.
Rd4 Rxf3 34. h4 a5 35. Ka1 axb4 36. Rd1 Rf2 37. Rb1 b3 38. Rb2 Ra8+ 39. Kb1 Ra2
40. Rxf2 Rxf2 41. Kc1 b2+ 42. Kb1 Kg7 43. h5 gxh5 44. gxh5 Kf6 45. h6 Ke5 46.
Ka2 Kd4 47. Kb1 Kc3 48. Ka2 Kc2 49. Ka3 b1=Q 50. Ka4 Rf6 51. Ka5 Qb6+ 52. Ka4
Rf4+ 53. Ka3 Qb3# 0-1

[Event "Junior Online 4NCL Division 5"]
[Site "online"]
[Date "2020.04.23"]
[Round "2.115"]
[White "Shahameeran, Ashika"]
[Black "Conway, Tom"]
[Result "0-1"]
[WhiteElo "1319"]
[BlackElo "747"]
[PlyCount "104"]
[EventDate "2020.04.23"]
[WhiteTeam "St John's College B"]
[BlackTeam "Gonzaga College SJ D"]

1. e4 e6 2. d4 d5 3. exd5 exd5 4. c4 Nf6 5. Nf3 Bg4 6. Be2 c6 7. O-O Bd6 8. Re1
O-O 9. h3 Bh5 10. Ne5 Bxe2 11. Rxe2 Nbd7 12. c5 Bc7 13. Nxd7 Qxd7 14. Nc3 Rfe8
15. Bg5 Re6 16. Rxe6 Qxe6 17. Bxf6 Qxf6 18. Qd3 Re8 19. Rf1 b6 20. b4 a5 21.
bxa5 bxc5 22. dxc5 Bxa5 23. Ne2 Bb4 24. Rc1 Qb2 25. Rc2 Qe5 26. a3 Qa1+ 27. Rc1
Qxa3 28. Qxa3 Bxa3 29. Rc2 h6 30. Nd4 Rc8 31. Nf5 Kf8 32. Nd6 Rb8 33. Rc3 Bb4
34. Rc2 Ke7 35. Nf5+ Kf6 36. Ng3 Rb5 37. Nh5+ Kg6 38. Nf4+ Kf5 39. Nd3 Ke4 40.
Nxb4 Rxb4 41. f3+ Kd3 42. Rc1 Rc4 43. Rd1+ Ke2 44. Rf1 Rxc5 45. Rf2+ Ke3 46.
Rf1 d4 47. Re1+ Kd2 48. Rf1 Rc1 49. Rxc1 Kxc1 50. Kf2 d3 51. Ke1 d2+ 52. Ke2
d1=Q+ 0-1

[Event "Junior Online 4NCL Division 5"]
[Site "online"]
[Date "2020.04.23"]
[Round "2.116"]
[White "Carton, John"]
[Black "Lee, Krishna"]
[Result "0-1"]
[WhiteElo "716"]
[BlackElo "1148"]
[PlyCount "146"]
[EventDate "2020.04.23"]
[WhiteTeam "Gonzaga College SJ D"]
[BlackTeam "St John's College B"]

1. e4 e5 2. Nf3 Nc6 3. Bb5 a6 4. Bxc6 bxc6 5. Nc3 Bc5 6. Nxe5 Qe7 7. Nf3 Nf6 8.
d3 d5 9. Bg5 Bb4 10. e5 Qc5 11. exf6 Bxc3+ 12. bxc3 Qxc3+ 13. Bd2 Qxf6 14. h3
Qe7+ 15. Be3 d4 16. Qe2 dxe3 17. Qxe3 Qxe3+ 18. fxe3 O-O 19. e4 Re8 20. Rb1 Bd7
21. O-O Rab8 22. Rxb8 Rxb8 23. Ne5 Be8 24. a3 Rb2 25. Rf2 Ra2 26. Nc4 c5 27.
Kf1 Ba4 28. Ke1 Bxc2 29. Ne3 Bb3 30. Rxa2 Bxa2 31. Kd2 Kf8 32. Kc3 Ke7 33. d4
c4 34. Nd5+ Kd6 35. Nb4 Bb1 36. e5+ Ke6 37. Nxa6 Kd7 38. Kxc4 Be4 39. g3 Bg2
40. h4 Bf1+ 41. Kc5 Bxa6 42. a4 Bb7 43. Kb5 Ke6 44. a5 Kd5 45. a6 Bxa6+ 46.
Kxa6 Kxd4 47. Kb5 c5 48. Ka4 c4 49. Kb4 Kd3 50. e6 fxe6 51. g4 c3 52. g5 Kd2
53. h5 c2 54. g6 hxg6 55. hxg6 c1=Q 56. Kb5 Kd3 57. Kb4 Qc3+ 58. Kb5 Kd4 59.
Kb6 Kd5 60. Kb7 Kd6 61. Kb8 Kd7 62. Kb7 Qc7+ 63. Ka8 Qc1 64. Kb7 Qc8+ 65. Kb6
Qc7+ 66. Kb5 Kd6 67. Kb4 Kd5 68. Kb3 Kd4 69. Ka2 Qb8 70. Ka3 Kc4 71. Ka2 Kc3
72. Ka1 Kc2 73. Ka2 Qb2# 0-1

[Event "Junior Online 4NCL Division 5"]
[Site "online"]
[Date "2020.04.23"]
[Round "2.117"]
[White "Sequeira, Robert"]
[Black "Enkhbaatar, Temuulen"]
[Result "1-0"]
[WhiteElo "1074"]
[BlackElo "634"]
[PlyCount "113"]
[EventDate "2020.04.23"]
[WhiteTeam "St John's College B"]
[BlackTeam "Gonzaga College SJ D"]

1. e4 e5 2. Nf3 Nc6 3. Nc3 Nf6 4. d4 d6 5. d5 Ne7 6. Bc4 Bg4 7. h3 Bh5 8. O-O
Ng6 9. Be3 Be7 10. a3 O-O 11. Be2 Qd7 12. Nh2 c5 13. dxc6 Qxc6 14. Bxh5 Nxh5
15. Qxh5 Bf6 16. Qe2 Nf4 17. Bxf4 exf4 18. Nf3 Qb6 19. Nd5 Qxb2 20. Nxf6+ Qxf6
21. Rab1 b6 22. c4 Rac8 23. Rfd1 Rfd8 24. Rbc1 Qg6 25. Nh4 Qg5 26. Nf5 f3 27.
Qxf3 g6 28. Nd4 Qa5 29. Qg3 Qa4 30. Qd3 Qd7 31. Nf3 Qe6 32. Ng5 Qf6 33. Nf3 Qf4
34. Qe3 Qf6 35. Qd4 Qf4 36. Qe3 Qf6 37. e5 dxe5 38. Rxd8+ Rxd8 39. Qxe5 Qc6 40.
Qa1 Qe4 41. Qe5 Qd3 42. Qe3 Qd6 43. c5 bxc5 44. Qxc5 Qf4 45. Qe3 Qf5 46. Qxa7
Qd3 47. Qe3 Qf5 48. Nh4 Qf6 49. Nf3 Qb2 50. a4 Ra8 51. Rd1 Kg7 52. Qe4 Qb3 53.
Ra1 Qb2 54. Rb1 Qa2 55. Re1 Rxa4 56. Qe5+ Kf8 57. Qh8# 1-0

[Event "Junior Online 4NCL Division 5"]
[Site "online"]
[Date "2020.04.23"]
[Round "2.118"]
[White "Whelan, Cory"]
[Black "Doddi, Sammy"]
[Result "1/2-1/2"]
[WhiteElo "641"]
[BlackElo "1070"]
[PlyCount "147"]
[EventDate "2020.04.23"]
[WhiteTeam "Gonzaga College SJ D"]
[BlackTeam "St John's College B"]

1. e4 c6 2. d4 d5 3. e5 e6 4. Nf3 Ne7 5. Bg5 Nd7 6. Nbd2 b6 7. c3 c5 8. Bd3
cxd4 9. cxd4 Bb7 10. O-O g6 11. Bb5 Bg7 12. Bf6 O-O 13. Bxg7 Kxg7 14. Qa4 Bc8
15. Rac1 a6 16. Bc6 Ra7 17. Bxd7 Qxd7 18. Qxd7 Bxd7 19. Rc3 Rc8 20. Rxc8 Bxc8
21. Rc1 b5 22. b4 Bd7 23. Nb3 Nc6 24. Nc5 Nxb4 25. Nxd7 Rxd7 26. a3 Nd3 27. Rc3
Nb2 28. Rc2 Nc4 29. Rc3 a5 30. Kf1 b4 31. axb4 axb4 32. Rb3 Rb7 33. Ke2 Na5 34.
Rb2 b3 35. Nd2 f6 36. Kd3 fxe5 37. dxe5 Rf7 38. Nxb3 Nc6 39. Re2 Rb7 40. Nd4
Nxd4 41. Kxd4 Rb4+ 42. Kc3 Rh4 43. h3 Re4 44. Rxe4 dxe4 45. Kd4 g5 46. Kxe4 h5
47. g4 h4 48. f4 gxf4 49. Kxf4 Kg6 50. Ke4 Kg5 51. Kd4 Kf4 52. g5 Kxg5 53. Kc5
Kg6 54. Kd6 Kf7 55. Kd7 Kg6 56. Ke7 Kf5 57. Kd6 Kf4 58. Kxe6 Kg3 59. Kd6 Kxh3
60. e6 Kg2 61. e7 h3 62. e8=Q h2 63. Qg8+ Kh1 64. Qa8+ Kg1 65. Qa1+ Kg2 66.
Qa2+ Kh1 67. Qb1+ Kg2 68. Qc2+ Kg1 69. Qd1+ Kg2 70. Qe2+ Kg1 71. Qe1+ Kg2 72.
Qe2+ Kg1 73. Qe3+ Kg2 74. Qe2+ 1/2-1/2

[Event "Junior Online 4NCL Division 5"]
[Site "online"]
[Date "2020.04.23"]
[Round "2.121"]
[White "Atkinson, Matthew"]
[Black "Dholakia, Kanish"]
[Result "0-1"]
[WhiteElo "1247"]
[BlackElo "771"]
[PlyCount "46"]
[EventDate "2020.04.23"]
[WhiteTeam "SASCA Sharks"]
[BlackTeam "Phones Junior B"]

1. e4 e5 2. Nf3 Nc6 3. Bc4 Nf6 4. Ng5 d5 5. exd5 Nxd5 6. d3 Be7 7. h4 h6 8. Nf3
Be6 9. Nc3 Nxc3 10. bxc3 Bxc4 11. dxc4 Qxd1+ 12. Kxd1 O-O-O+ 13. Ke2 e4 14. Nd2
f5 15. a4 Bf6 16. Bb2 a6 17. f3 Rhe8 18. Kf2 e3+ 19. Kg3 exd2 20. Rad1 g5 21.
hxg5 Bxg5 22. f4 Bf6 23. Rxh6 Re1 0-1

[Event "Junior Online 4NCL Division 5"]
[Site "online"]
[Date "2020.04.23"]
[Round "2.122"]
[White "Benson, Alice"]
[Black "Wang, Xiaorui"]
[Result "1-0"]
[WhiteElo "740"]
[BlackElo "1030"]
[PlyCount "57"]
[EventDate "2020.04.23"]
[WhiteTeam "Phones Junior B"]
[BlackTeam "SASCA Sharks"]

1. d4 d5 2. Bf4 Bf5 3. e3 e6 4. Nf3 Bd6 5. Bxd6 cxd6 6. Bd3 Bxd3 7. Qxd3 Nf6 8.
O-O Nc6 9. c4 dxc4 10. Qxc4 O-O 11. Nc3 Qd7 12. Qd3 e5 13. dxe5 dxe5 14. Qxd7
Nxd7 15. Rfd1 Rad8 16. Rac1 Nf6 17. h3 Nb4 18. a3 Nc6 19. b4 Rfe8 20. b5 Na5
21. Rxd8 Rxd8 22. Nxe5 Rc8 23. Nd3 Ne4 24. Nxe4 Rd8 25. Nf4 Nb3 26. Rb1 Nd2 27.
Nxd2 Rxd2 28. Rc1 Ra2 29. Rc8# 1-0

[Event "Junior Online 4NCL Division 5"]
[Site "online"]
[Date "2020.04.23"]
[Round "2.123"]
[White "Harper, Luke"]
[Black "Kumar, Kabir"]
[Result "1-0"]
[WhiteElo "1075"]
[BlackElo "729"]
[PlyCount "99"]
[EventDate "2020.04.23"]
[WhiteTeam "SASCA Sharks"]
[BlackTeam "Phones Junior B"]

1. d4 d5 2. c4 c6 3. Nc3 Nf6 4. e3 Bf5 5. cxd5 Nxd5 6. Nxd5 cxd5 7. Nf3 e6 8.
Bd2 Nc6 9. Bb5 Qb6 10. a4 a6 11. Bxc6+ Qxc6 12. Ne5 Qc7 13. Rc1 Qd8 14. O-O Bd6
15. Qb3 Rb8 16. Nxf7 Kxf7 17. Rc3 Qf6 18. Rfc1 Qd8 19. a5 Rc8 20. Rxc8 Qxc8 21.
Rxc8 Rxc8 22. Qxb7+ Rc7 23. Qb6 Rd7 24. Qc6 Ke7 25. Qxa6 Rc7 26. Kf1 Bf4 27.
Bb4+ Kf6 28. exf4 Rc1+ 29. Be1 Rd1 30. Ke2 Rb1 31. Qc8 Rxb2+ 32. Bd2 Bg4+ 33.
f3 Bf5 34. Qf8+ Kg6 35. Qe8+ Kf6 36. Qh5 Bg6 37. Qg5+ Kf7 38. Ke3 Rb3+ 39. Ke2
Bd3+ 40. Ke3 Bf5+ 41. Ke2 Bd3+ 42. Kf2 Rb2 43. f5 Bxf5 44. Kg3 h6 45. Qh5+ Bg6
46. Qe5 Rxd2 47. Qf4+ Bf5 48. Qxd2 g5 49. a6 Bh7 50. a7 1-0

[Event "Junior Online 4NCL Division 5"]
[Site "online"]
[Date "2020.04.23"]
[Round "2.124"]
[White "Srivastava, Aditya"]
[Black "Dukes, Oliver"]
[Result "1-0"]
[WhiteElo "654"]
[BlackElo "1037"]
[PlyCount "49"]
[EventDate "2020.04.23"]
[WhiteTeam "Phones Junior B"]
[BlackTeam "SASCA Sharks"]

1. e4 Nf6 2. e5 Ng4 3. Qxg4 d5 4. Qe2 e6 5. Nf3 c5 6. d4 cxd4 7. Nxd4 Nc6 8.
Nxc6 bxc6 9. Be3 Be7 10. Nd2 O-O 11. O-O-O Bg5 12. f4 Be7 13. a3 c5 14. Nc4
dxc4 15. Rxd8 Bxd8 16. Qxc4 Bc7 17. Bxc5 Rb8 18. Bxf8 Kxf8 19. Qxc7 Ba6 20.
Qxb8+ Ke7 21. Bxa6 Kd7 22. Qb7+ Kd8 23. Qxf7 g5 24. Bb5 h5 25. Qd7# 1-0

[Event "Junior Online 4NCL Division 5"]
[Site "online"]
[Date "2020.04.23"]
[Round "2.125"]
[White "Dholakia, Kanish"]
[Black "Atkinson, Matthew"]
[Result "0-1"]
[WhiteElo "771"]
[BlackElo "1247"]
[PlyCount "106"]
[EventDate "2020.04.23"]
[WhiteTeam "Phones Junior B"]
[BlackTeam "SASCA Sharks"]

1. e4 e5 2. Nf3 Nc6 3. Bc4 d6 4. h3 Nf6 5. Nc3 Be7 6. d3 O-O 7. O-O Na5 8. Bg5
Nxc4 9. dxc4 h6 10. Bh4 Be6 11. Nd5 Bxd5 12. cxd5 Nxe4 13. Bxe7 Qxe7 14. Re1
Nf6 15. Nd4 Nxd5 16. Nf5 Qe6 17. Nd4 Qg6 18. Nf3 Nf4 19. g3 Nxh3+ 20. Kg2 Ng5
21. Nxg5 Qxg5 22. Qc1 Qxc1 23. Raxc1 g5 24. Rcd1 f5 25. f3 f4 26. g4 Kg7 27.
Kf2 Kg6 28. Ke2 h5 29. gxh5+ Kxh5 30. Kf2 g4 31. Rh1+ Kg5 32. Rhg1 g3+ 33. Kf1
Rh8 34. Rd3 Rh2 35. Rc3 Rc8 36. a3 Kh4 37. b4 Kh3 38. Rd3 Rf2+ 39. Ke1 Kh2 40.
Rf1 Rxf1+ 41. Kxf1 g2+ 42. Kf2 g1=Q+ 43. Ke2 Qg2+ 44. Kd1 Qf1+ 45. Kd2 Rg8 46.
Kc3 Qa1+ 47. Kb3 Qb1+ 48. Kc3 Rg2 49. Kc4 Qxc2+ 50. Rc3 Qa2+ 51. Rb3 Rc2+ 52.
Kb5 Qxb3 53. a4 Qd5# 0-1

[Event "Junior Online 4NCL Division 5"]
[Site "online"]
[Date "2020.04.23"]
[Round "2.126"]
[White "Wang, Xiaorui"]
[Black "Benson, Alice"]
[Result "0-1"]
[WhiteElo "1030"]
[BlackElo "740"]
[PlyCount "60"]
[EventDate "2020.04.23"]
[WhiteTeam "SASCA Sharks"]
[BlackTeam "Phones Junior B"]

1. e4 c6 2. Bc4 d5 3. exd5 cxd5 4. Bb5+ Bd7 5. Bxd7+ Nxd7 6. Nf3 Ngf6 7. Nc3 e6
8. d4 Be7 9. Bf4 O-O 10. Ne5 Nxe5 11. dxe5 Nd7 12. Nxd5 exd5 13. Qxd5 Nc5 14.
Qc4 Rc8 15. O-O Nd7 16. Qb3 Qb6 17. Qg3 g6 18. Bh6 Rfe8 19. b3 Bf8 20. Bxf8
Rxf8 21. c4 Rfe8 22. Qg4 Nxe5 23. Qd1 Rcd8 24. Qe2 Qe6 25. Qe3 Ng4 26. Qxa7 Qe5
27. g3 Qh5 28. Rfd1 Rxd1+ 29. Rxd1 Qxh2+ 30. Kf1 Qh1# 0-1

[Event "Junior Online 4NCL Division 5"]
[Site "online"]
[Date "2020.04.23"]
[Round "2.127"]
[White "Kumar, Kabir"]
[Black "Harper, Luke"]
[Result "0-1"]
[WhiteElo "729"]
[BlackElo "1075"]
[PlyCount "174"]
[EventDate "2020.04.23"]
[WhiteTeam "Phones Junior B"]
[BlackTeam "SASCA Sharks"]

1. d4 d5 2. c4 dxc4 3. e4 e5 4. Nf3 Bg4 5. d5 Bxf3 6. Qxf3 Nf6 7. Bxc4 Bb4+ 8.
Nc3 Bxc3+ 9. Qxc3 Nxe4 10. Qxe5+ Qe7 11. Bb5+ c6 12. Qxe7+ Kxe7 13. dxc6 Nxc6
14. O-O Rhd8 15. Bg5+ f6 16. Bf4 g5 17. Bg3 a6 18. Ba4 b5 19. Bb3 Nd2 20. Rfe1+
Kf8 21. Bc2 h5 22. Bc7 Rd7 23. Bb6 Rb8 24. Bc5+ Kf7 25. Rad1 Rd5 26. Bb3 Nxb3
27. Rxd5 Nxc5 28. Rxc5 Rc8 29. Rec1 Rd8 30. Rxc6 a5 31. Rc7+ Kg6 32. Rc8 Rd2
33. Rg8+ Kf7 34. Rgc8 Rxb2 35. R8c7+ Kg6 36. Ra7 a4 37. a3 h4 38. h3 Rb3 39.
Rb7 Kf5 40. g4+ Kf4 41. Rf7 Rxa3 42. Rxf6+ Ke5 43. Rf5+ Ke4 44. f3+ Ke3 45.
Re1+ Kd2 46. Rfe5 b4 47. R5e2+ Kd3 48. Re3+ Kc4 49. Rc1+ Kd4 50. Re4+ Kd5 51.
Rd1+ Kc5 52. Re5+ Kc4 53. Rc1+ Kd4 54. Rce1 Rxf3 55. R1e4+ Kc3 56. Rc5+ Kb3 57.
Kg2 Rg3+ 58. Kf2 a3 59. Re3+ Kb2 60. Re2+ Kb3 61. Re3+ Rxe3 62. Kxe3 a2 63. Ra5
Kb2 64. Rb5 a1=Q 65. Rxb4+ Ka3 66. Rb8 Qc1+ 67. Ke4 Qe1+ 68. Kf5 Qe3 69. Ra8+
Kb4 70. Rb8+ Kc5 71. Rc8+ Kb6 72. Rb8+ Kc7 73. Rg8 Qxh3 74. Rg7+ Kd6 75. Rg6+
Kd5 76. Rxg5 Qf3+ 77. Kg6+ Ke6 78. Kh6 Qf4 79. Kg6 h3 80. Rh5 Qe4+ 81. Kh6 Qf4+
82. g5 Qf8+ 83. Kg6 Qf7+ 84. Kh6 Qf8+ 85. Kg6 Qf5+ 86. Kh6 Kf7 87. Rh4 Qg6# 0-1

[Event "Junior Online 4NCL Division 5"]
[Site "online"]
[Date "2020.04.23"]
[Round "2.128"]
[White "Dukes, Oliver"]
[Black "Srivastava, Aditya"]
[Result "0-1"]
[WhiteElo "1037"]
[BlackElo "654"]
[PlyCount "86"]
[EventDate "2020.04.23"]
[WhiteTeam "SASCA Sharks"]
[BlackTeam "Phones Junior B"]

1. d4 d5 2. c4 e6 3. e3 c5 4. Nd2 Nc6 5. Ngf3 Nf6 6. Bd3 Qc7 7. dxc5 Bxc5 8.
Nb3 Bb4+ 9. Bd2 Bxd2+ 10. Qxd2 O-O 11. Qc2 e5 12. cxd5 Nxd5 13. Bxh7+ Kh8 14.
O-O g6 15. Ng5 Qe7 16. Qc5 Qd8 17. e4 Nde7 18. Rad1 Qb6 19. Qxb6 axb6 20. a3 f6
21. Nf3 Kxh7 22. Nfd2 Bg4 23. f3 Be6 24. Nb1 Bxb3 25. Rd3 Bc4 26. Rc3 Bxf1 27.
Kxf1 f5 28. exf5 Nxf5 29. g4 Nfd4 30. Rd3 e4 31. f4 exd3 32. Nd2 Rxf4+ 33. Kg2
Rxg4+ 34. Kh3 Rf4 35. Kg3 Raf8 36. h4 Rf3+ 37. Nxf3 Rxf3+ 38. Kg4 d2 39. h5
d1=Q 40. hxg6+ Kxg6 41. b3 Rf2+ 42. Kg3 Qf3+ 43. Kh4 Rh2# 0-1

[Event "Junior Online 4NCL Division 5"]
[Site "online"]
[Date "2020.04.23"]
[Round "2.131"]
[White "Lyons, Joseph"]
[Black "Wang, Nathaniel"]
[Result "1-0"]
[WhiteElo "1277"]
[BlackElo "1202"]
[PlyCount "75"]
[EventDate "2020.04.23"]
[WhiteTeam "May the Fork Be With You 2"]
[BlackTeam "Robin Hoods 5"]

1. e4 c5 2. Nf3 d6 3. Bc4 Nf6 4. d3 e5 5. Nc3 Nc6 6. Bg5 Be7 7. Bb5 O-O 8. Bxc6
bxc6 9. O-O Bg4 10. h3 Bh5 11. Qe2 Rb8 12. b3 h6 13. Bh4 d5 14. exd5 cxd5 15.
Qxe5 Bd6 16. Qe2 Re8 17. Qd1 d4 18. Nd5 Re5 19. Nxe5 Bxd1 20. Nxf6+ gxf6 21.
Nc4 Bxc2 22. Nb2 Qe7 23. Rfe1 Qd8 24. Rac1 Bxd3 25. Nxd3 Rc8 26. a3 Qc7 27. g3
f5 28. b4 Qb6 29. Bf6 a5 30. Kh2 axb4 31. axb4 c4 32. Nb2 c3 33. Nd3 Qb5 34.
Red1 c2 35. Rd2 Rc3 36. Ne1 Bxb4 37. Bxd4 Rc4 38. Rd3 1-0

[Event "Junior Online 4NCL Division 5"]
[Site "online"]
[Date "2020.04.23"]
[Round "2.132"]
[White "Keenan, Isaac"]
[Black "Joshi, Aarav"]
[Result "0-1"]
[WhiteElo "1180"]
[BlackElo "1150"]
[PlyCount "54"]
[EventDate "2020.04.23"]
[WhiteTeam "Robin Hoods 5"]
[BlackTeam "May the Fork Be With You 2"]

1. d4 Nf6 2. Bf4 e6 3. Nf3 Nc6 4. e3 b6 5. c3 Bb7 6. Bd3 d5 7. Qc2 Bd6 8. Bg3
Bxg3 9. hxg3 Qd7 10. Nbd2 O-O-O 11. O-O-O h6 12. Rhe1 Kb8 13. e4 dxe4 14. Nxe4
Nxe4 15. Rxe4 Rhe8 16. Rde1 f6 17. R1e3 e5 18. dxe5 Nxe5 19. Nxe5 fxe5 20. Qe2
Bxe4 21. Bxe4 Rf8 22. f4 exf4 23. gxf4 Rxf4 24. Rd3 Qe7 25. Rxd8+ Qxd8 26. Qe3
Rf1+ 27. Kc2 Qd1# 0-1

[Event "Junior Online 4NCL Division 5"]
[Site "online"]
[Date "2020.04.23"]
[Round "2.133"]
[White "Datta, Ishan"]
[Black "Babu, Guhan"]
[Result "0-1"]
[WhiteElo "1195"]
[BlackElo "1105"]
[PlyCount "48"]
[EventDate "2020.04.23"]
[WhiteTeam "May the Fork Be With You 2"]
[BlackTeam "Robin Hoods 5"]

1. d4 d5 2. c4 e6 3. Nc3 Nf6 4. Bg5 h6 5. Bxf6 Qxf6 6. cxd5 Bb4 7. dxe6 Bxc3+
8. bxc3 Qxe6 9. Nf3 Nc6 10. Qc2 O-O 11. e4 f5 12. Bd3 Re8 13. e5 Nxd4 14. Nxd4
Qxe5+ 15. Be2 f4 16. O-O Qg5 17. Qf5 Bxf5 18. Nxf5 Qxf5 19. h3 Rxe2 20. g4 fxg3
21. fxg3 Qxh3 22. Rf2 Qxg3+ 23. Kh1 Rxf2 24. Rg1 Rh2# 0-1

[Event "Junior Online 4NCL Division 5"]
[Site "online"]
[Date "2020.04.23"]
[Round "2.134"]
[White "Ying, Alexander"]
[Black "Barbier-Ramaiah, Rohan Theo"]
[Result "0-1"]
[WhiteElo "1097"]
[BlackElo "1052"]
[PlyCount "28"]
[EventDate "2020.04.23"]
[WhiteTeam "Robin Hoods 5"]
[BlackTeam "May the Fork Be With You 2"]

1. e4 e5 2. Nf3 Nc6 3. Bc4 Be7 4. d4 Nf6 5. dxe5 Nxe4 6. Nc3 Nxc3 7. bxc3 d6 8.
Bf4 Bg4 9. O-O dxe5 10. Qxd8+ Bxd8 11. Bxe5 Bxf3 12. Bxg7 Rg8 13. Bd4 Rxg2+ 14.
Kh1 Rg7# 0-1